000 00876nam a2200265 a 4500
001 000004351
005 20200929151428.0
008 840703s1970 sp 000 f spa
040 _aDO-SdBNP
_bspa
_cBNPHU
082 _a823.8
_bW671r, 1970
100 1 _aWilde, Óscar,
_d1854-1900.
_912822
240 1 4 _aThe prtrait of Dorian Gray.
_lEspañol
245 1 3 _aEl retrato de Dorian Gray /
_cÓscar Wilde ; traducción, Francisca Sallés.
250 _a3a ed.
260 _aBarcelona :
_bBruguera,
_c1970.
300 _a333, [1] p. ;
_c17 cm.
490 1 _aLibro Amigo
_v35
534 _aTítulo original:
_tThe prtrait of Dorian Gray.
650 4 _aNovela inglesa
_91071
650 4 _aLiteratura inglesa
_9498
650 4 _aÉtica
_xNovela
_912823
700 1 _aSallés, Francisca,
_etr.
_912824
830 0 _aLibro Amigo ;
_v35
_912825
910 _aCatalogación original noche
999 _c4160
_d4160